• 首页
  • 本馆介绍
  • 公告通知
  • 最新文献
  • 馆藏检索
  • 电子资源
  • 读者导购
  • 参考咨询
  • 我的图书馆
  • 登录
  • 详细信息显示
  • 放入我的书架
  • 预约/预借图书
  • 作者相关作品
  • 分类相关作品
  • 丛书相关作品
  • 出版社相关作品

书目信息

  • 表格格式
  • 工作单格式
  • 卡片格式
题名:
电磁流量计
    
 
作者: 蔡武昌 编
分册:  
出版信息: 北京   中国石化出版社  2004
页数: 452页
开本: 20cm
丛书名:
单 册:
中图分类: TH814
科图分类:
主题词: 电磁流量计
电子资源:
ISBN: 7-80164-487-5
000 00730nam0 2200229 45
001 002683076
005 20050401105822.8
010    @a7-80164-487-5@dCNY35.00
100    @a20040716d2004 em y0chiy0110 ea
101 0  @achi
102    @aCN@b110000
105    @aa z 000yy
200 1  @a电磁流量计@Adian ci liu liang ji@f蔡武昌等编@FCai Wu Chang Deng Bian
210    @a北京@c中国石化出版社@d2004
215    @a452页@c图@d20cm
300    @a流量计应用指南
330    @a本书介绍流量计基本知识,涉及电磁流量计的测量原理、测量系统及构件、测量电路,及流量计的应用,选型、安装、调试及故障处理等。
606 0  @a电磁流量计
690    @aTH814@v4
701  0 @a蔡武昌@4编
801  0 @aCN@bNLC@c20040817
905    @f5@b347255-259@dTH814@e8
    
    电磁流量计/蔡武昌等编.-北京:中国石化出版社,2004
    452页:图;20cm
    流量计应用指南
    
    ISBN 7-80164-487-5:CNY35.00
    本书介绍流量计基本知识,涉及电磁流量计的测量原理、测量系统及构件、测量电路,及流量计的应用,选型、安装、调试及故障处理等。
●
相关链接 在E读中查询图书 在五车中查询图书 在当当中查询图书 在豆瓣中查询图书


正题名:电磁流量计     索取号:TH814/8         预约/预借

序号 登录号 条形码 馆藏地/架位号 状态 备注
1 0347255   203472553   第二样本阅览室/ [索取号:TH814/8] 在馆    
2 0347256   203472562   第三借阅区/ [索取号:TH814/8] 在馆    
3 0347257   203472571   第三借阅区/ [索取号:TH814/8] 在馆    
4 0347258   203472580   第三借阅区/ [索取号:TH814/8] 在馆    
5 0347259   203472599   第三借阅区/ [索取号:TH814/8] 在馆    
唐山师范学院图书馆 欢迎您!
大连网信软件有限公司© 版权所有